Modus procedendi in causis disciplinaribus, contentiosis, criminalibus ordinis fratrum minorum capuccinorum auctoritate capituli generalis LXXII promulgatus
I tiakina i:
| Hōputu: | Pukapuka |
|---|---|
| Reo: | Pāniora |
| I whakaputaina: |
Roma
Apud Curiam Generalem FF. MM Capuccinorum
1945
|
| Ngā marau: | |
| Ngā Tūtohu: |
Tāpirihia he Tūtohu
Kāore He Tūtohu, Me noho koe te mea tuatahi ki te tūtohu i tēnei pūkete!
|
MARC
| LEADER | 00000cam a2200000 a 4500 | ||
|---|---|---|---|
| 001 | UCD1169 | ||
| 003 | CL-VaPUC | ||
| 008 | 160107e19450000it |||||||||||||||||spa|d | ||
| 082 | 0 | 4 | |a 271.3 |b MOD |2 21 |
| 245 | 1 | 0 | |a Modus procedendi in causis disciplinaribus, contentiosis, criminalibus ordinis fratrum minorum capuccinorum auctoritate capituli generalis LXXII promulgatus |
| 300 | |a 169 p | ||
| 942 | |c BK | ||
| 945 | |d 20160107 17:53:00 |a gsalatino | ||
| 260 | |a Roma |b Apud Curiam Generalem FF. MM Capuccinorum |c 1945 | ||
| 650 | 7 | |a FRANCISCANOS CAPUCHINOS |2 CL-VaPUC |9 535596 | |
| 650 | 7 | |a ORDENES MENORES |2 CL-VaPUC |9 340514 | |
| 650 | 7 | |a DISCIPLINA ECLESIASTICA |2 CL-VaPUC |9 258736 | |
| 583 | |a last modification |c 20190801 09:00:48 |k Rodrigo Vera | ||
| 999 | |c 362583 |d 362581 | ||
| 952 | |0 0 |1 0 |3 erd |4 0 |6 271_300000000000000_MOD_1945 |7 0 |8 P |9 473889 |a BIBTEO |b BIBTES |c TEO_FTES |i 5276268 |o 271.3 MOD 1945 |p 5276268 |r 2024-01-18 |w 2019-11-24 |y BK |z Catalogado en:20160107 |k ICR | ||